Syndromes chromosomiques - Statistiques

Statistiques générales
  • Ce quiz a été pris 7 fois
  • Le résultat moyen est 2 sur 11
Statistiques - réponses
Syndrome Paire de chromosomes % Correct
Down 21
100%
Klinefelter 23
43%
Turner 23
29%
Angelman 15
0%
Bloom 15
0%
Insensibilité complète aux androgènes 23
0%
Lejeune / Cri du chat 5
0%
Patau 13
0%
Prader Willi 15
0%
Progéria / Hutchinson-Gilford 1
0%
Swyer Y
0%
Aucun quiz correspondant
Distribution des résultats
% des personnes avec chaque résultat
Percentile par nombre de réponses
Votre historique - résultats
Vous n’avez pas pris ce quiz